Бесконтактное измерение основных параметров мультикремния на СВЧ; Современные техника и технологии; Т. 1

Бібліографічні деталі
Parent link:Современные техника и технологии: 14 Международная научно-практическая конференция студентов, аспирантов и молодых ученых, г. Томск, 24-28 марта 2008 г./ Томский политехнический университет (ТПУ).— , 2008
Т. 1.— 2008.— С. 221-222
Інші автори: Юрченко А. В. Алексей Васильевич, Бережной И. С., Новиков А. Н., Лапатин Л. Г.
Мова:Російська
Опубліковано: 2008
Предмети:
Формат: Частина з книги
KOHA link:https://koha.lib.tpu.ru/cgi-bin/koha/opac-detail.pl?biblionumber=148659

MARC

LEADER 00000naa2a2200000 4500
001 148659
005 20240223064747.0
035 |a (RuTPU)RU\TPU\book\161188 
090 |a 148659 
100 |a 20081205d2008 k y0rusy50 ca 
101 0 |a rus 
102 |a RU 
200 1 |a Бесконтактное измерение основных параметров мультикремния на СВЧ  |f А. В. Юрченко [и др.] 
320 |a Библиогр.: 7 назв. 
461 1 |0 (RuTPU)RU\TPU\book\156858  |t Современные техника и технологии  |o 14 Международная научно-практическая конференция студентов, аспирантов и молодых ученых, г. Томск, 24-28 марта 2008 г.  |o труды  |o в 3 т.  |f Томский политехнический университет (ТПУ)  |d 2008 
463 0 |0 (RuTPU)RU\TPU\book\155176  |t Т. 1  |v С. 221-222  |d 2008  |p 538 с. 
610 1 |a мультикремний 
610 1 |a измерение 
610 1 |a полупроводники 
610 1 |a поликристаллические полупроводники 
610 1 |a солнечные батареи 
610 1 |a бесконтактное измерение 
610 1 |a СВЧ-резонаторный метод 
610 1 |a методы измерения 
610 1 |a СВЧ методы 
610 1 |a труды учёных ТПУ 
701 1 |a Юрченко  |b А. В.  |c физик  |c профессор Томского политехнического университета, доктор технических наук  |f 1974-  |g Алексей Васильевич  |y Томск  |3 (RuTPU)RU\TPU\pers\25599  |9 11528 
701 1 |a Бережной  |b И. С. 
701 1 |a Новиков  |b А. Н. 
701 1 |a Лапатин  |b Л. Г. 
801 1 |a RU  |b 63413507  |c 20081205  |g PSBO 
801 2 |a RU  |b 63413507  |c 20160520  |g RCR 
942 |c BK